00352 2200145 4500001002100000005001500021035002000036245003700056100002000093300001200113260004700125082000800172084001400180990001200194INLIS00000000000233120250528095905 a0010-05250006231 aSang Pramuria /cSaturman Eka A.0 aSaturman Eka A. a202 hlm aYogyakarta :bHanindita Graha Widya,c2005 a813 a813 SAT s a0712613